| 000 | 01933cam a22004334a 4500 | ||
|---|---|---|---|
| 001 | 15038445 | ||
| 005 | 20080122130948.0 | ||
| 008 | 071005s2009 caua 001 0 eng | ||
| 010 | _a 2007041750 | ||
| 016 | 7 |
_a101318124 _2DNLM |
|
| 020 | _a0321535413 (CD- Rom) | ||
| 020 | _a9780321544117 | ||
| 020 | _a0321544110 | ||
| 035 | _a(OCoLC)ocn174094368 | ||
| 035 | _a(OCoLC)174094368 | ||
| 040 |
_aDNLM/DLC _cDLC _dYDX _dNLM _dBTCTA _dYDXCP _dDLC |
||
| 042 | _apcc | ||
| 050 | 0 | 0 |
_aQP34.5 _b.M455 2009 |
| 060 | 1 | 0 |
_aQS 4 _bM334e 2009 |
| 082 | 0 | 0 |
_a612 _222 _bMAR NR |
| 100 | 1 |
_aMarieb, Elaine Nicpon, _d1936- |
|
| 245 | 1 | 0 |
_aEssentials of human anatomy & physiology / _cElaine N. Marieb. |
| 246 | 3 | _aEssentials of human anatomy and physiology | |
| 250 |
_a9th ed. _bPearson international edition. |
||
| 260 |
_aSan Francisco, CA : _bPearson/Benjamin Cummings, _cc2009. |
||
| 300 |
_axxiv, 632 p. : _bill. (chiefly col.) ; _c28 cm. + _e1 CD-ROM (4 3/4 in.) |
||
| 500 | _aIncludes index. | ||
| 650 | 0 | _aHuman physiology. | |
| 650 | 0 | _aHuman anatomy. | |
| 650 | 1 | 2 | _aAnatomy. |
| 650 | 2 | 2 | _aPhysiological Processes. |
| 650 | 2 | 2 | _aPhysiology. |
| 942 |
_2ddc _cBB |
||
| 999 |
_c11021 _d11021 |
||